Avrupa Birliği Ekonomik ve Sosyal Komitesi (Record no. 5847)

MARC details
000 -BAŞLIK
Sabit Uzunlukta Kontrol Alanı 00616na a2200229 4500
001 - KONTROL NUMARASI
Denetim Alanı 18893
003 - KONTROL NUMARASI IDENTIFIER
Denetim Alanı MIRAKIL
005 - SON İŞLEM TARİHİ VE ZAMANI
Denetim Alanı 20181213155049.0
008 - SABİT-BOY VERİ ELEMANLARI - GENEL BİLGİLER
Sabit Uzunlukta Kontrol Alanı 161204b tu 000 0
040 ## - KATALOGLAMA KAYNAK
Orijinal Kataloglama Ajansı Milas
Kataloglama Dili tur
Metne Dönüştürmek Ajansı TR-AnCHP
041 ## - DİL KODU
Metin / Ses Parça Veya Ayrı Başlığın Dil Kodu tur
082 ## - DEWEY ONLU SINIFLANDIRMA NUMARASI
Sınıflandırma Numarası 337.14
Ürün Numarası A73a 2006
090 ## - SINIFLAMA NUMARASI
Sınıflama Numarası 337.14 A73a 2006
100 ## - ANA GİRİŞ - KİŞİSEL İSİM
Kişisel Ad Ateş,Mustafa
245 ## - BAŞLIK TABLOSU
Başlık Avrupa Birliği Ekonomik ve Sosyal Komitesi
Sorumluluk Tablosu, Vb Mustafa Ateş
260 ## - YAYIN, DAĞITIM, VB
Yayın, Dağıtım, Vb Yeri Ankara
Yayıncı, Dağıtıcı, Vs Adı DPT
Yayın, Dağıtım, Vb Tarihi 2006
300 ## - FİZİKSEL TANIM
Kapsam 40 s.
Boyutlar 24 sm.
504 ## - KAYNAKÇA VB NOT
Kaynakça Vb Notu Kaynakça var.
610 ## - KONU KATMA GİRİŞ - TOPLANTI ADI
Giriş Elemanı Olarak Kurumsal Ad Veya Yargı Alanı Adı Avrupa Birliği Ekonomik ve Sosyal Komitesi
650 ## - KONU KATMA GİRİŞ - TOPİKAL DÖNEM
Topikal Süreli Veya Coğrafi Ad Giriş Elemanı Avrupa Birliği
942 ## - EKLENDİ GİRİŞ ELEMANLARI (KOHA)
Sınıflandırma Veya Raf Düzeni Kaynak Dewey Decimal Classification
Koha Öğesi Türü Books
999 ## - SİSTEM KONTROL NUMARALARI (KOHA)
Koha Biblionumber 5847
Koha Biblioitemnumber 5847
Holdings
Kalıcı Konum Mevcut Konum Edinme Tarihi Edinim Kaynak Toplam Check-Out'Lar Tam Çağrı Numarası Barkod Tarih Son Görülme İtibaren Geçerli Fiyatlar Koha Öğesi Türü
CHP Kütüphanesi CHP Kütüphanesi 12/04/2016 Bağış   337.14 A73a 2006 010136 12/04/2016 12/04/2016 Books